ABC

Gespeichert in:
Bibliographische Detailangaben
1. Verfasser: Sin autor
Format: keine Angabe
Sprache:Spanisch
Erschienen: Barcelona Ramón Sopena 1934
Katalog:MANES:  Suchergebnis im Bibliothekskatalog
Schulbuchspezifische Eigenschaften:
Tags: Tag hinzufügen
Keine Tags, Fügen Sie den ersten Tag hinzu!
Hinzugefügt zu:26.04.2016

MARC

LEADER 000000000a22000000004500
001 15744
003 OSt
008 160427s sp ||||| |||| 00| 0 spa d
041 1 |a spa 
040 |c centro_manes 
691 7 |a IN  |a PRI 
100 1 |a Sin autor  |9 11659 
245 0 0 |a ABC 
260 3 |a Barcelona  |b Ramón Sopena  |c 1934 
300 |a 12p.  |c 26 * 20 cm 
500 |a ILUSTRACIONES: Contiene muchas en blanco y negro. ENCUADERNACIÓN: Cartoné. DESCRIPCIÓN CONTENIDO: Alfabeto español, cada letra lleva un dibujo. PALABRAS CLAVE: Texto didáctico. Primeras letras. NéMERO EJEMPLARES: 1. Nº TOPOGRÁFICO: 214. CONSERVACIÓN: Regular. En la letra Q hay recortado un dibujo. 
690 0 |a EyL 
942 |2 ddc  |c BK 
546 |a España 
999 |c 21713  |d 21713 
999 |c manes:21713  |d 21713